Amish country crossroads : (Record no. 350039)
[ view plain ]
| 000 -LEADER | |
|---|---|
| fixed length control field | 01579nam a2200385 a 4500 |
| 001 - CONTROL NUMBER | |
| control field | z9mscp b2611535 |
| 005 - DATE AND TIME OF LATEST TRANSACTION | |
| control field | 20200513170401.0 |
| 008 - FIXED-LENGTH DATA ELEMENTS--GENERAL INFORMATION | |
| fixed length control field | 051228s 000 0 eng d |
| 020 ## - INTERNATIONAL STANDARD BOOK NUMBER | |
| International Standard Book Number | 0764201867 |
| Qualifying information | alkaline paper |
| 040 ## - CATALOGING SOURCE | |
| Description conventions | rda |
| 092 ## - LOCALLY ASSIGNED DEWEY CALL NUMBER (OCLC) | |
| Classification number | F Lewis |
| 100 1# - MAIN ENTRY--PERSONAL NAME | |
| Personal name | Lewis, Beverly, |
| Dates associated with a name | 1949- |
| 9 (RLIN) | 6358220 |
| 245 10 - TITLE STATEMENT | |
| Title | Amish country crossroads : |
| Remainder of title | bestselling novels in one volume ! : The postcard, The crossroad, & Snactuary/ |
| Statement of responsibility, etc | Beverly Lewis. |
| 250 ## - EDITION STATEMENT | |
| Edition statement | edition statement if appropriate. |
| 264 #1 - Production, Publication, Distribution, Manufacture, and Copyright Notice. | |
| Place of production, publication, distribution, manufacture | Minneapolis, Minn. : |
| Name of producer, publisher, distributor, manufacturer | Bethany House, , |
| Date of production, publication, distribution, manufacture, or copyr | [2005] |
| 264 #4 - Production, Publication, Distribution, Manufacture, and Copyright Notice. | |
| Date of production, publication, distribution, manufacture, or copyr | ©2001. |
| 300 ## - PHYSICAL DESCRIPTION | |
| Extent | 238 pages, 215 pages, 236 pages ; |
| Dimensions | 24 cm. |
| 336 ## - Content Type | |
| Content type term | text |
| 337 ## - Media type | |
| Media type term | unmediated |
| 338 ## - Carrier type | |
| Carrier type term | volume |
| 505 0# - FORMATTED CONTENTS NOTE | |
| Formatted contents note | Postcard -- Crossroad -- Sanctuary. |
| 520 ## - SUMMARY, ETC. | |
| Summary, etc | "The lives and love of Philip Bardley and Rachel Yode captivate readers again in this 3-in-1 edition of the popular series featuring The postcard, The crossroad, Sanctuary"--Provided by publisher. |
| 650 #0 - SUBJECT ADDED ENTRY--TOPICAL TERM | |
| Topical term or geographic name as entry element | Bed and breakfast accommodations |
| Form subdivision | Fiction. |
| 9 (RLIN) | 5676024 |
| 650 #0 - SUBJECT ADDED ENTRY--TOPICAL TERM | |
| Topical term or geographic name as entry element | Blind women |
| Form subdivision | Fiction. |
| 9 (RLIN) | 5732038 |
| 650 #0 - SUBJECT ADDED ENTRY--TOPICAL TERM | |
| Topical term or geographic name as entry element | Journalists |
| Form subdivision | Fiction. |
| 9 (RLIN) | 6358221 |
| 650 #0 - SUBJECT ADDED ENTRY--TOPICAL TERM | |
| Topical term or geographic name as entry element | Postcards |
| Form subdivision | Fiction. |
| 9 (RLIN) | 5687176 |
| 650 #0 - SUBJECT ADDED ENTRY--TOPICAL TERM | |
| Topical term or geographic name as entry element | Widows |
| Form subdivision | Fiction. |
| 9 (RLIN) | 6358222 |
| 650 #0 - SUBJECT ADDED ENTRY--TOPICAL TERM | |
| Topical term or geographic name as entry element | Amish |
| Form subdivision | Fiction. |
| 9 (RLIN) | 5674078 |
| 651 #0 - SUBJECT ADDED ENTRY--GEOGRAPHIC NAME | |
| Geographic name | Lancaster County (Pa.) |
| Form subdivision | Fiction. |
| 9 (RLIN) | 5696184 |
| 655 #7 - INDEX TERM--GENRE/FORM | |
| Genre/form data or focus term | Christian fiction. |
| Source of term | gsafd. |
| 9 (RLIN) | 6358223 |
| 655 #7 - INDEX TERM--GENRE/FORM | |
| Genre/form data or focus term | Romance fiction. |
| Source of term | lcgft |
| 9 (RLIN) | 6358224 |
| 700 12 - ADDED ENTRY--PERSONAL NAME | |
| Personal name | Lewis, David |
| Fuller form of name | (David Gerald) |
| 9 (RLIN) | 5890518 |
| 907 ## - LOCAL DATA ELEMENT G, LDG (RLIN) | |
| a | .b265861913 |
| 942 ## - ADDED ENTRY ELEMENTS (KOHA) | |
| Source of classification or shelving scheme | Dewey Decimal Classification |
| Koha item type | BOOK |
| Withdrawn status | Lost status | Source of classification or shelving scheme | Damaged status | Not for loan | Collection code | Home library | Current library | Shelving location | Date acquired | Source of acquisition | Total Checkouts | Total Renewals | Full call number | Barcode | Date last seen | Date checked out | Cost, replacement price | Price effective from | Koha item type |
|---|---|---|---|---|---|---|---|---|---|---|---|---|---|---|---|---|---|---|---|
| Dewey Decimal Classification | Fiction | Wasatch County Library | Wasatch County Library | First Floor | 05/13/2020 | Donation | 4 | 4 | F Lewis | 34301001678368 | 02/05/2026 | 01/30/2026 | 19.99 | 05/13/2020 | BOOK |
